[Event "AUT-chT 1920"]
[Site "Austria"]
[Date "2020.01.12"]
[Round "8.5"]
[White "Anistratov, Dmitrij"]
[Black "Dobosz, Henryk"]
[Result "0-1"]
[WhiteElo "2246"]
[BlackElo "2409"]
[PlyCount "114"]
[EventDate "2019.10.10"]
[EventType "team-tourn"]
[EventRounds "11"]
[EventCountry "AUT"]
[SourceTitle "CBM 194 Extra"]
[Source "ChessBase"]
[SourceDate "2020.03.31"]
[SourceVersion "1"]
[SourceVersionDate "2020.03.31"]
[SourceQuality "1"]
[WhiteTeam "Goetzis"]
[BlackTeam "Bregenz"]
[WhiteTeamCountry "AUT"]
[BlackTeamCountry "AUT"]

1. c4 c5 2. g3 Nc6 3. Bg2 g6 4. Nc3 Bg7 5. d3 d6 6. Nf3 Nh6 7. 0-0 Nf5 8. Rb1 Rb8 9. Bd2 0-0 10. a3 b6 11. b4 e6 12. Bg5 Qc7 13. Ne4 h6 14. Bf4 e5 15. Bd2 Nfe7 16. Nc3 f5 17. e3 Be6 18. Qe2 Qd7 19. Rfc1 g5 20. b5 Nd8 21. Ne1 Bf7 22. Nd5 Ne6 23. Bc3 g4 24. f4 gxf3 25. Nxe7+ Qxe7 26. Nxf3 Bh5 27. Qe1 e4 28. Bxg7 Kxg7 29. Nh4 Ng5 30. Qc3+ Kh7 31. Rb2 Rbe8 32. d4 Nf3+ 33. Bxf3 exf3 34. Kf2 Qe4 35. dxc5 bxc5 36. Rd2 Re6 37. Qd3 Bg4 38. Rcd1 Rfe8 39. h3 Bxh3 40. Nxf3 Bg4 41. Qxe4 fxe4 42. Nh4 Rf6+ 43. Kg2 Bxd1 44. Rxd1 Re5 45. a4 d5 46. cxd5 Rd6 47. Rf1 Kg8 48. Nf5 Rdxd5 49. Nxh6+ Kg7 50. Ng4 Rd2+ 51. Rf2 Rxf2+ 52. Nxf2 c4 53. Nd1 Rd5 54. Nc3 Rd3 55. Nxe4 c3 56. Nc5 Rd1 57. a5 c2 0-1

[Event "AUT-chT 1920"]
[Site "Austria"]
[Date "2020.01.11"]
[Round "7.5"]
[White "Baenziger, Fabian"]
[Black "Anistratov, Dmitrij"]
[Result "1/2-1/2"]
[WhiteElo "2378"]
[BlackElo "2246"]
[PlyCount "81"]
[EventDate "2019.10.10"]
[EventType "team-tourn"]
[EventRounds "11"]
[EventCountry "AUT"]
[SourceTitle "CBM 194 Extra"]
[Source "ChessBase"]
[SourceDate "2020.03.31"]
[SourceVersion "1"]
[SourceVersionDate "2020.03.31"]
[SourceQuality "1"]
[WhiteTeam "Hohenems"]
[BlackTeam "Goetzis"]
[WhiteTeamCountry "AUT"]
[BlackTeamCountry "AUT"]

1. d4 Nf6 2. c4 d6 3. Nf3 Nbd7 4. Nc3 c6 5. e4 e5 6. Be2 Be7 7. 0-0 a6 8. Nh4 0-0 9. Nf5 Re8 10. Nxe7+ Qxe7 11. d5 Nc5 12. f3 a5 13. Be3 Bd7 14. Qd2 Reb8 15. Rfd1 Ne8 16. b3 h6 17. Rab1 b6 18. a3 Na6 19. dxc6 Bxc6 20. b4 axb4 21. axb4 Nac7 22. Nd5 Bxd5 23. cxd5 b5 24. Ra1 Qd7 25. f4 exf4 26. Bxf4 Rxa1 27. Rxa1 Ra8 28. Re1 Nf6 29. Bf3 Rd8 30. Qc3 Nce8 31. Qd4 Rc8 32. e5 dxe5 33. Bxe5 Rc4 34. Qd2 Ng4 35. Bd4 Ngf6 36. h3 Rc8 37. Bc5 Nd6 38. Qf4 Re8 39. Rxe8+ Nfxe8 40. Bg4 Qd8 41. Be2 1/2-1/2

[Event "AUT-chT 1920"]
[Site "Austria"]
[Date "2020.01.09"]
[Round "5.4"]
[White "Anistratov, Dmitrij"]
[Black "Platzgummer, Fabian"]
[Result "0-1"]
[WhiteElo "2246"]
[BlackElo "2331"]
[PlyCount "88"]
[EventDate "2019.10.10"]
[EventType "team-tourn"]
[EventRounds "11"]
[EventCountry "AUT"]
[SourceTitle "CBM 194 Extra"]
[Source "ChessBase"]
[SourceDate "2020.03.31"]
[SourceVersion "1"]
[SourceVersionDate "2020.03.31"]
[SourceQuality "1"]
[WhiteTeam "Goetzis"]
[BlackTeam "Mayrhofen/Zillertal"]
[WhiteTeamCountry "AUT"]
[BlackTeamCountry "AUT"]

1. d4 d5 2. Bf4 Nf6 3. e3 c5 4. Nd2 Nc6 5. c3 g6 6. Ngf3 Qb6 7. Qc1 Bf5 8. dxc5 Qxc5 9. Nb3 Qb6 10. Nbd4 Bd7 11. Nxc6 Bxc6 12. Be5 Bg7 13. Bd4 Qa5 14. a4 0-0 15. Be2 Rfc8 16. 0-0 Qd8 17. Ne5 Nd7 18. Nxc6 bxc6 19. Bxg7 Kxg7 20. c4 Qa5 21. Rd1 Nf6 22. Qd2 Qxd2 23. Rxd2 Rab8 24. a5 Rb4 25. cxd5 cxd5 26. Bf3 e6 27. g3 Nd7 28. Kg2 Rc5 29. Be2 Nf6 30. Bd3 d4 31. exd4 Rxd4 32. Rdd1 Rcd5 33. Be2 Rd2 34. Bf3 Rxd1 35. Bxd1 Rd2 36. Rb1 Ne4 37. Kf3 f5 38. Ke3 Rxf2 39. b4 Rxh2 40. b5 Nc3 41. b6 axb6 42. axb6 Nxb1 43. Be2 Nc3 44. Kd3 Rxe2 0-1

[Event "AUT-chT 1920"]
[Site "Austria"]
[Date "2019.10.11"]
[Round "2.1"]
[White "Antoniewski, Rafal"]
[Black "Anistratov, Dmitrij"]
[Result "1-0"]
[WhiteElo "2481"]
[BlackElo "2269"]
[PlyCount "97"]
[EventDate "2019.10.10"]
[EventType "team-tourn"]
[EventRounds "11"]
[EventCountry "AUT"]
[SourceTitle "EXT 2020"]
[Source "ChessBase"]
[SourceDate "2019.10.17"]
[SourceVersion "1"]
[SourceVersionDate "2019.10.17"]
[SourceQuality "1"]
[WhiteTeam "St Veit"]
[BlackTeam "Goetzis"]
[WhiteTeamCountry "AUT"]
[BlackTeamCountry "AUT"]

1. d4 d6 2. Nf3 Nf6 3. c4 g6 4. Nc3 Bg7 5. Bg5 0-0 6. e3 c5 7. d5 Qb6 8. Rb1 h6 9. Bh4 e5 10. Nd2 Nh7 11. f3 f5 12. e4 Nd7 13. Qc2 Ndf6 14. exf5 gxf5 15. Bd3 Nh5 16. Ne2 Nf4 17. Nxf4 exf4 18. 0-0 Bd7 19. Bf2 Qd8 20. b4 b6 21. Rfe1 Rf7 22. bxc5 bxc5 23. Rb7 Nf8 24. Qc1 Ng6 25. Qa3 Ne5 26. Bf1 a5 27. Reb1 a4 28. Qc1 Kh7 29. Kh1 Bf6 30. R1b6 Qf8 31. Nb1 Ng6 32. Nc3 Be5 33. Nb5 Bxb5 34. cxb5 Qg7 35. Rxf7 Qxf7 36. Qc2 Ra7 37. Bd3 Ne7 38. Rb8 Bd4 39. b6 Rd7 40. Bxd4 cxd4 41. b7 Kg7 42. Qb1 Qxd5 43. Rg8+ Qxg8 44. b8Q Rd8 45. Qa7 Kf6 46. Qxd4+ Kg6 47. Qe1 Nc6 48. Bxf5+ Kg5 49. Qh4+ 1-0

[Event "Oberliga Wuerttemberg 1920"]
[Site "Wuerttemberg"]
[Date "2019.09.15"]
[Round "1.4"]
[White "Fischer, Sebastian"]
[Black "Anistratov, Dmitrij"]
[Result "1/2-1/2"]
[WhiteElo "2246"]
[BlackElo "2261"]
[PlyCount "154"]
[EventDate "2019.09.15"]
[EventType "team-tourn"]
[EventRounds "9"]
[EventCountry "GER"]
[SourceTitle "EXT 2021"]
[Source "ChessBase"]
[SourceDate "2020.10.23"]
[SourceVersion "1"]
[SourceVersionDate "2020.10.23"]
[SourceQuality "1"]
[WhiteTeam "Deizisau"]
[BlackTeam "Jedesheim"]
[WhiteTeamCountry "GER"]
[BlackTeamCountry "GER"]

1. d4 d6 2. Nf3 Nf6 3. Nbd2 Nbd7 4. e4 e5 5. c3 Be7 6. Bd3 0-0 7. 0-0 Re8 8. Re1 Bf8 9. a4 h6 10. a5 c6 11. b4 Qc7 12. Bb2 Nh7 13. Qb3 Ndf6 14. dxe5 dxe5 15. c4 c5 16. b5 Bg4 17. Qc3 Bxf3 18. Nxf3 Bd6 19. Nh4 Bf8 20. Nf5 g6 21. Ne3 Bg7 22. Nd5 Nxd5 23. cxd5 b6 24. Bc4 Nf8 25. axb6 axb6 26. Ra6 Nd7 27. Rea1 Rab8 28. f4 Bf6 29. f5 g5 30. Qh3 Bg7 31. Ra7 Qd6 32. g4 Nf6 33. Qg2 Re7 34. Bc1 Nh7 35. R1a3 Rbe8 36. Qe2 Bf6 37. Kg2 Bg7 38. h3 Bf6 39. Qa2 Nf8 40. Rxe7 Bxe7 41. Bb2 Nd7 42. Ra7 Bf6 43. Qa6 Rb8 44. Qa1 Re8 45. Bc1 Kg7 46. Bd2 Rd8 47. Qc1 Rh8 48. Be3 Be7 49. Be2 Bf6 50. Qa3 Rb8 51. Qa6 Be7 52. Rb7 Nf6 53. Kf3 Nd7 54. Qa7 Rxb7 55. Qxb7 Nb8 56. Bd2 Nd7 57. Qc8 Nb8 58. Bc3 Nd7 59. Qe8 Bf6 60. Bc4 Nb8 61. Qc8 Nd7 62. Bd2 Nb8 63. Qb7 Nd7 64. Qa7 Nb8 65. Qa1 Nd7 66. Qc1 Be7 67. Be3 Bd8 68. Bf2 Be7 69. Qe1 Qb8 70. Qa1 Qd6 71. Be3 Bf6 72. Qa8 Nb8 73. Qb7 Nd7 74. Qc6 Be7 75. Qa8 Nb8 76. Bc1 Nd7 77. Be3 Nb8 1/2-1/2

[Event "AUT-chT 1819"]
[Site "Austria"]
[Date "2018.11.16"]
[Round "2.2"]
[White "Anistratov, Dmitrij"]
[Black "Stohl, Igor"]
[Result "1/2-1/2"]
[WhiteElo "2283"]
[BlackElo "2503"]
[PlyCount "60"]
[EventDate "2018.11.15"]
[EventType "team-tourn"]
[EventRounds "11"]
[EventCountry "AUT"]
[SourceTitle "CBM 187 Extra"]
[Source "ChessBase"]
[SourceDate "2018.11.04"]
[SourceVersion "1"]
[SourceVersionDate "2018.11.04"]
[SourceQuality "1"]
[WhiteTeam "Goetzis"]
[BlackTeam "Wien Ottakring"]
[WhiteTeamCountry "AUT"]
[BlackTeamCountry "AUT"]

1. d4 Nf6 2. Nf3 e6 3. Bf4 d5 4. e3 Bd6 5. Ne5 0-0 6. Nd2 c5 7. c3 Qc7 8. Bg3 Nc6 9. Nxc6 Qxc6 10. Bd3 b6 11. Qe2 Bb7 12. Rd1 Rad8 13. 0-0 Qc7 14. Bxd6 Qxd6 15. f4 Nd7 16. a3 g6 17. Kh1 f6 18. e4 cxd4 19. cxd4 dxe4 20. Bxe4 Bxe4 21. Nxe4 Qe7 22. Rfe1 Rfe8 23. Nc3 Qf7 24. Qf3 f5 25. d5 exd5 26. Rxe8+ Rxe8 27. Nxd5 Nf6 28. Nxf6+ Qxf6 29. Qb3+ Qe6 30. Qxe6+ Rxe6 1/2-1/2

[Event "AUT-chT 1819"]
[Site "Austria"]
[Date "2018.11.15"]
[Round "1.4"]
[White "Naumann, Alexander"]
[Black "Anistratov, Dmitrij"]
[Result "1/2-1/2"]
[WhiteElo "2532"]
[BlackElo "2283"]
[PlyCount "97"]
[EventDate "2018.11.15"]
[EventType "team-tourn"]
[EventRounds "11"]
[EventCountry "AUT"]
[SourceTitle "CBM 187 Extra"]
[Source "ChessBase"]
[SourceDate "2018.11.04"]
[SourceVersion "1"]
[SourceVersionDate "2018.11.04"]
[SourceQuality "1"]
[WhiteTeam "Maria Saal"]
[BlackTeam "Goetzis"]
[WhiteTeamCountry "AUT"]
[BlackTeamCountry "AUT"]

1. e4 d6 2. d4 Nf6 3. Nc3 e5 4. Nge2 Be7 5. g3 c6 6. a4 Qc7 7. Bg2 Nbd7 8. 0-0 b6 9. h3 h5 10. Be3 a6 11. f4 Bb7 12. Qd2 0-0 13. Nd1 Rfe8 14. Nf2 exd4 15. Bxd4 c5 16. Bxf6 Nxf6 17. Nc3 c4 18. Rfe1 Bf8 19. Nd5 Bxd5 20. exd5 Qc5 21. c3 Rab8 22. Bf3 Rxe1+ 23. Rxe1 b5 24. axb5 Rxb5 25. Re2 h4 26. gxh4 Nxd5 27. Bxd5 Qxd5 28. Qxd5 Rxd5 29. Ne4 Rd1+ 30. Kg2 f6 31. Rd2 Rb1 32. f5 Kf7 33. h5 a5 34. Nf2 Re1 35. Ng4 a4 36. Kf3 Rh1 37. Rh2 Rd1 38. Ne3 Rd3 39. Ke4 a3 40. bxa3 Rxc3 41. Ra2 d5+ 42. Nxd5 Rxh3 43. Ne3 c3 44. a4 Bc5 45. Nc4 Rxh5 46. a5 g6 47. fxg6+ Kxg6 48. Rc2 Kf7 49. Rxc3 1/2-1/2

[Event "AUT-chT2W 1718"]
[Site "Austria"]
[Date "2018.03.10"]
[Round "10.4"]
[White "Binder, Moriz"]
[Black "Anistratov, Dmitrij"]
[Result "1/2-1/2"]
[WhiteElo "2218"]
[BlackElo "2274"]
[PlyCount "90"]
[EventDate "2017.10.13"]
[EventType "team-tourn"]
[EventRounds "11"]
[EventCountry "AUT"]
[SourceTitle "EXT 2019"]
[Source "ChessBase"]
[SourceDate "2018.10.10"]
[SourceVersion "1"]
[SourceVersionDate "2018.10.10"]
[SourceQuality "1"]
[WhiteTeam "Jenbach II"]
[BlackTeam "Goetzis II"]
[WhiteTeamCountry "AUT"]
[BlackTeamCountry "AUT"]

1. d4 d6 2. Nf3 Nf6 3. c4 Nbd7 4. Nc3 c6 5. g3 e5 6. Bg2 Be7 7. 0-0 0-0 8. e4 a6 9. a4 a5 10. h3 Re8 11. Be3 exd4 12. Bxd4 Bf8 13. Qc2 Ne5 14. Nd2 Ng6 15. Rad1 Nd7 16. f4 Qc7 17. Nf3 Nc5 18. Rfe1 f6 19. Qf2 b6 20. Qc2 Ba6 21. b3 Rad8 22. Bf2 Bb7 23. Nd4 Na6 24. h4 Nb4 25. Qe2 Bc8 26. Qf3 Bd7 27. h5 Nh8 28. g4 Nf7 29. Qg3 Nh6 30. Bf3 Qc8 31. Nf5 Bxf5 32. exf5 Rxe1+ 33. Bxe1 d5 34. cxd5 Bc5+ 35. Bf2 cxd5 36. Nxd5 Nxd5 37. Rxd5 Rxd5 38. Bxd5+ Kf8 39. Qf3 Nxg4 40. Be6 Bxf2+ 41. Kg2 Qc7 42. Qxg4 Be3 43. Kg3 Bd4 44. Qf3 Qc3 45. Qxc3 Bxc3 1/2-1/2

[Event "Oberliga Wuerttemberg 1718"]
[Site "Wuerttemberg"]
[Date "2018.01.21"]
[Round "6"]
[White "Anistratov, Dmitrij"]
[Black "Carstens, Andreas"]
[Result "1-0"]
[WhiteElo "2291"]
[BlackElo "2221"]
[PlyCount "71"]
[EventDate "2017.09.17"]
[EventType "team-tourn"]
[EventRounds "9"]
[EventCountry "GER"]
[SourceTitle "EXT 2019"]
[Source "ChessBase"]
[SourceDate "2018.10.10"]
[SourceVersion "1"]
[SourceVersionDate "2018.10.10"]
[SourceQuality "1"]
[WhiteTeam "Jedesheim"]
[BlackTeam "Bebenhausen"]
[WhiteTeamCountry "GER"]
[BlackTeamCountry "GER"]

1. Nf3 Nf6 2. g3 g6 3. b3 Bg7 4. Bb2 0-0 5. Bg2 d6 6. d4 e5 7. dxe5 Ng4 8. h3 Nxe5 9. Nxe5 dxe5 10. Qxd8 Rxd8 11. Nd2 Nc6 12. 0-0-0 Be6 13. g4 Rab8 14. e3 h6 15. Rhg1 Nb4 16. a3 Nd5 17. Nc4 f6 18. Na5 c6 19. c4 Ne7 20. Rxd8+ Rxd8 21. Nxb7 Rb8 22. Nc5 Bf7 23. Rd1 a5 24. Kc2 Be8 25. Bc3 Ra8 26. a4 f5 27. Ne6 Bf6 28. gxf5 gxf5 29. Nc7 Rc8 30. Nxe8 Rxe8 31. f4 Kf7 32. fxe5 Bg5 33. Bf3 Ra8 34. Rd3 Ra6 35. Bh5+ Ke6 36. Rd6# 1-0

[Event "AUT-chT2W 1718"]
[Site "Austria"]
[Date "2018.01.12"]
[Round "6.2"]
[White "Anistratov, Dmitrij"]
[Black "Sulava, Nenad"]
[Result "0-1"]
[WhiteElo "2274"]
[BlackElo "2452"]
[PlyCount "78"]
[EventDate "2017.10.13"]
[EventType "team-tourn"]
[EventRounds "11"]
[EventCountry "AUT"]
[SourceTitle "EXT 2019"]
[Source "ChessBase"]
[SourceDate "2018.10.10"]
[SourceVersion "1"]
[SourceVersionDate "2018.10.10"]
[SourceQuality "1"]
[WhiteTeam "Goetzis II"]
[BlackTeam "Neumarkt"]
[WhiteTeamCountry "AUT"]
[BlackTeamCountry "AUT"]

1. Nf3 d5 2. g3 Nc6 3. Bg2 e5 4. d3 f5 5. 0-0 Nf6 6. c4 dxc4 7. Qa4 Bd6 8. Qxc4 Qe7 9. Nc3 Be6 10. Qa4 0-0 11. Bg5 Kh8 12. d4 e4 13. Nh4 Nd8 14. f3 e3 15. Qc2 f4 16. gxf4 Nf7 17. Nf5 Bxf5 18. Qxf5 Nxg5 19. fxg5 Nh5 20. Qg4 g6 21. Nd5 Qg7 22. Rfd1 Rae8 23. Rd3 c6 24. Nf6 Nxf6 25. gxf6 Rxf6 26. Bh3 Qh6 27. Kg2 Rf5 28. Kf1 Ref8 29. Ke1 Rg5 30. Qe6 Rg1+ 31. Bf1 Bb4+ 32. Kd1 Rxf1+ 33. Kc2 Rxa1 34. a3 Bd2 35. d5 Qf4 36. d6 Rc1+ 37. Kb3 Qf7 38. Qxf7 Rxf7 39. d7 Ba5 0-1

[Event "AUT-chT2W 1718"]
[Site "Austria"]
[Date "2017.12.03"]
[Round "5.3"]
[White "Frank, Emanuel"]
[Black "Anistratov, Dmitrij"]
[Result "1/2-1/2"]
[WhiteElo "2165"]
[BlackElo "2289"]
[PlyCount "239"]
[EventDate "2017.10.13"]
[EventType "team-tourn"]
[EventRounds "11"]
[EventCountry "AUT"]
[SourceTitle "CBM 181 Extra"]
[Source "ChessBase"]
[SourceDate "2017.12.12"]
[SourceVersion "1"]
[SourceVersionDate "2017.12.12"]
[SourceQuality "1"]
[WhiteTeam "Salzburg ASK"]
[BlackTeam "Goetzis II"]
[WhiteTeamCountry "AUT"]
[BlackTeamCountry "AUT"]

1. d4 d6 2. c4 Nf6 3. Nc3 c6 4. e4 Nbd7 5. Nf3 e5 6. Be2 Be7 7. 0-0 a6 8. Qc2 0-0 9. Rd1 Qc7 10. Bg5 Re8 11. Rac1 h6 12. Bh4 Nf8 13. c5 exd4 14. cxd6 Bxd6 15. Rxd4 Ng4 16. Bg3 Bxg3 17. hxg3 Qa5 18. Na4 Qh5 19. Nb6 Rb8 20. Nxc8 Rbxc8 21. Nh4 Qe5 22. Rcd1 Nf6 23. f4 Qa5 24. Nf5 Ne6 25. R4d2 Rb8 26. Nd6 Rf8 27. Kh2 c5 28. e5 Ne8 29. Nf5 N8c7 30. Bc4 Kh8 31. Rd7 b5 32. Bxe6 Nxe6 33. Nd6 Nd4 34. Qxc5 Ne6 35. Qd5 Nd8 36. Nxf7+ Nxf7 37. Rxf7 Rfd8 38. Rd7 Rf8 39. e6 Rbe8 40. e7 Rg8 41. Rd8 Qb4 42. Qd6 Qxd6 43. R1xd6 Rxe7 44. Rxg8+ Kxg8 45. Rxa6 Re2 46. b3 Rb2 47. g4 Kf7 48. Kg3 Ke7 49. Kf3 Rc2 50. Rb6 Rxa2 51. Rxb5 Rb2 52. Rb6 Rc2 53. f5 Rc3+ 54. Kf4 Kf7 55. b4 Rc4+ 56. Kg3 Rc3+ 57. Kh2 Rc4 58. Kh3 Rc3+ 59. g3 Rc2 60. b5 Rb2 61. Rb8 Ke7 62. b6 Kf7 63. b7 Rb1 64. Kg2 Rb2+ 65. Kf3 Rb3+ 66. Ke4 Rb4+ 67. Kd5 Rb1 68. Ke4 Rb4+ 69. Kd3 Rb3+ 70. Kc4 Rb1 71. f6 Rb2 72. Kd3 Rb1 73. Ke2 Rb2+ 74. Kf3 Rb3+ 75. Kg2 Rb1 76. Kh2 Rb4 77. Kh3 Rb1 78. g5 hxg5 79. Kg4 Rb5 80. Kh5 Rb3 81. Kg4 Rb5 82. Kh3 Rb4 83. Kg2 Rb1 84. Kf3 Rb2 85. Ke4 Rb1 86. fxg7 Kxg7 87. Kf5 Rb5+ 88. Kg4 Kh7 89. Kf3 Kg7 90. Ke4 Rb1 91. Kf5 Rb5+ 92. Ke6 Rb1 93. g4 Rb6+ 94. Kd5 Rb1 95. Kc6 Rc1+ 96. Kd6 Rd1+ 97. Ke6 Rb1 98. Kf5 Rb5+ 99. Ke4 Rb4+ 100. Kd3 Rb1 101. Kd4 Rb2 102. Kc5 Rb1 103. Kd6 Rd1+ 104. Ke6 Rb1 105. Re8 Rxb7 106. Re7+ Rxe7+ 107. Kxe7 Kg6 108. Ke6 Kg7 109. Kf5 Kh6 110. Kf6 Kh7 111. Kxg5 Kg7 112. Kf5 Kf7 113. g5 Kg7 114. g6 Kg8 115. Kf6 Kf8 116. Kg5 Kg7 117. Kh5 Kg8 118. Kh6 Kh8 119. g7+ Kg8 120. Kg6 1/2-1/2

[Event "AUT-chT 1718"]
[Site "Austria"]
[Date "2017.11.19"]
[Round "4.2"]
[White "Anistratov, Dmitrij"]
[Black "Hilverda, Alexander"]
[Result "1/2-1/2"]
[WhiteElo "2306"]
[BlackElo "2369"]
[PlyCount "186"]
[EventDate "2017.11.16"]
[EventType "team-tourn"]
[EventRounds "11"]
[EventCountry "AUT"]
[SourceTitle "CBM 181 Extra"]
[Source "ChessBase"]
[SourceDate "2017.12.12"]
[SourceVersion "1"]
[SourceVersionDate "2017.12.12"]
[SourceQuality "1"]
[WhiteTeam "Goetzis"]
[BlackTeam "Salzburg Royal"]
[WhiteTeamCountry "AUT"]
[BlackTeamCountry "AUT"]

1. d3 e5 2. Nf3 Nc6 3. e4 Nf6 4. Be2 d5 5. Nbd2 Bd6 6. 0-0 0-0 7. c3 Ne7 8. d4 dxe4 9. Nxe5 c5 10. Ndc4 cxd4 11. Nxd6 Qxd6 12. cxd4 Nf5 13. Be3 Be6 14. Qd2 Rfd8 15. Rfd1 Nd5 16. h3 Qb4 17. Bc4 Qxd2 18. Rxd2 Rac8 19. Bxd5 Rxd5 20. Ng4 Ra5 21. a3 Bb3 22. Nh2 Rd5 23. Nf1 Ne7 24. g4 f5 25. Ng3 g6 26. Ne2 Rd7 27. Nc3 Nc6 28. Kh2 Rcd8 29. gxf5 gxf5 30. Rg1+ Kf7 31. Ne2 Ne5 32. dxe5 Rxd2 33. Nf4 Rxb2 34. Rg5 b6 35. Rxf5+ Ke7 36. Rh5 Bg8 37. Rg5 Rf8 38. Rg7+ Ke8 39. Kg3 Rb5 40. e6 Re5 41. Rxa7 Rg5+ 42. Kh4 h6 43. Nh5 Rg6 44. Ng7+ Rxg7 45. Rxg7 Bxe6 46. Bxb6 Rf4+ 47. Kg3 Rf3+ 48. Kg2 Bxh3+ 49. Kh2 Bf1 50. Rg3 Rf6 51. Be3 h5 52. Rg8+ Kf7 53. Rg5 Be2 54. Kg3 Bg4 55. Bf4 Ra6 56. Bc1 Rf6 57. Re5 Rf3+ 58. Kg2 Rc3 59. Bb2 Rb3 60. Bc1 Bf3+ 61. Kg3 Kf6 62. Ra5 Bh1+ 63. Be3 Bf3 64. Ra6+ Kf5 65. Ra5+ Ke6 66. Ra6+ Kd5 67. Ra5+ Kc4 68. Rc5+ Kd3 69. a4 Ra3 70. a5 Ra1 71. Rd5+ Ke2 72. Rd2+ Kf1 73. Rd5 Bg4 74. Rc5 Ke2 75. Kf4 Bf3 76. Rc2+ Kd3 77. Rd2+ Kc4 78. Rd4+ Kb3 79. Rd5 h4 80. Rb5+ Kc4 81. Rc5+ Kb4 82. Rc8 h3 83. Kg3 Bg2 84. Rc1 Ra2 85. Rc8 Kb5 86. Rb8+ Ka6 87. Ra8+ Kb7 88. Ra7+ Kb8 89. a6 Bf1 90. Rb7+ Kc8 91. Rb1 Bxa6 92. Kxh3 Be2 93. Kg3 Ra6 1/2-1/2

[Event "AUT-chT 1718"]
[Site "Austria"]
[Date "2017.11.18"]
[Round "3.6"]
[White "Deglmann, Ludwig"]
[Black "Anistratov, Dmitrij"]
[Result "1/2-1/2"]
[WhiteElo "2293"]
[BlackElo "2306"]
[PlyCount "79"]
[EventDate "2017.11.16"]
[EventType "team-tourn"]
[EventRounds "11"]
[EventCountry "AUT"]
[SourceTitle "CBM 181 Extra"]
[Source "ChessBase"]
[SourceDate "2017.12.12"]
[SourceVersion "1"]
[SourceVersionDate "2017.12.12"]
[SourceQuality "1"]
[WhiteTeam "Absam"]
[BlackTeam "Goetzis"]
[WhiteTeamCountry "AUT"]
[BlackTeamCountry "AUT"]

1. d4 d6 2. e4 Nf6 3. f3 Nbd7 4. c4 c6 5. Nc3 e5 6. d5 Be7 7. Bd3 0-0 8. Nge2 Ne8 9. g4 Bg5 10. Bxg5 Qxg5 11. Qd2 Qh4+ 12. Ng3 Nc5 13. Bc2 a5 14. 0-0-0 g6 15. Na4 Nxa4 16. Bxa4 cxd5 17. Bxe8 Rxe8 18. cxd5 Bd7 19. Kb1 Rec8 20. Rc1 Bb5 21. Rc3 b6 22. Rhc1 Rc5 23. b3 Kg7 24. Kb2 h6 25. R1c2 Qf6 26. a4 Bd7 27. Ne2 Rxc3 28. Rxc3 b5 29. Rc7 Be8 30. axb5 Bxb5 31. Nc3 Be8 32. Qe3 Qh4 33. Ka3 Qxh2 34. Qb6 Qd2 35. Qxd6 Qc1+ 36. Ka2 Qc2+ 37. Ka3 Qc1+ 38. Ka2 Qc2+ 39. Ka3 Qc1+ 40. Ka2 1/2-1/2

[Event "AUT-chT 1718"]
[Site "Austria"]
[Date "2017.11.16"]
[Round "1.6"]
[White "Anistratov, Dmitrij"]
[Black "Zorko, Jure"]
[Result "0-1"]
[WhiteElo "2306"]
[BlackElo "2464"]
[PlyCount "116"]
[EventDate "2017.11.16"]
[EventType "team-tourn"]
[EventRounds "11"]
[EventCountry "AUT"]
[SourceTitle "CBM 181 Extra"]
[Source "ChessBase"]
[SourceDate "2017.12.12"]
[SourceVersion "1"]
[SourceVersionDate "2017.12.12"]
[SourceQuality "1"]
[WhiteTeam "Goetzis"]
[BlackTeam "Raika Feffernitz"]
[WhiteTeamCountry "AUT"]
[BlackTeamCountry "AUT"]

1. g3 d5 2. Bg2 e5 3. d3 Nc6 4. Nf3 Nf6 5. 0-0 Be7 6. e4 dxe4 7. dxe4 Qxd1 8. Rxd1 Nxe4 9. Nxe5 Nxe5 10. Bxe4 c6 11. Bf4 Ng4 12. h3 Nf6 13. Bg2 0-0 14. Nd2 Nd5 15. Be5 f6 16. c4 Nb4 17. Bc3 Rd8 18. a3 Nc2 19. Rac1 Nd4 20. Bxd4 Rxd4 21. Nb3 Rxd1+ 22. Rxd1 a5 23. Nd4 Kf7 24. g4 g6 25. Bf3 Ra6 26. Rd3 Rb6 27. Rb3 Rxb3 28. Nxb3 a4 29. Nd2 Bd6 30. Bd1 Be5 31. b3 axb3 32. Bxb3 Ke7 33. Kf1 Bd6 34. a4 Bf4 35. Ke2 h5 36. f3 f5 37. gxh5 gxh5 38. Nf1 h4 39. Kd3 Kd6 40. Ne3 Kc5 41. Bd1 Be6 42. Bc2 Bg3 43. Kc3 f4 44. Nf5 Bxc4 45. Bd3 Be1+ 46. Kc2 Be6 47. Kd1 Bg3 48. a5 Kb4 49. Nd6 Kxa5 50. Bf5 Bxf5 51. Nxf5 c5 52. Kd2 c4 53. Nd6 b5 54. Kc3 Ka4 55. Ne4 Be1+ 56. Kd4 Kb3 57. Nd6 c3 58. Ne4 Kb2 0-1

[Event "Oberliga Wuerttemberg 1718"]
[Site "Wuerttemberg"]
[Date "2017.10.08"]
[Round "2"]
[White "Sokratov, Stanislav"]
[Black "Anistratov, Dmitrij"]
[Result "0-1"]
[WhiteElo "2180"]
[BlackElo "2291"]
[PlyCount "92"]
[EventDate "2017.09.17"]
[EventType "team-tourn"]
[EventRounds "9"]
[EventCountry "GER"]
[SourceTitle "EXT 2019"]
[Source "ChessBase"]
[SourceDate "2018.10.10"]
[SourceVersion "1"]
[SourceVersionDate "2018.10.10"]
[SourceQuality "1"]
[WhiteTeam "Biberach"]
[BlackTeam "Jedesheim"]
[WhiteTeamCountry "GER"]
[BlackTeamCountry "GER"]

1. d4 d6 2. Nf3 Nf6 3. c4 c6 4. Nc3 Nbd7 5. d5 cxd5 6. cxd5 Qa5 7. Qd2 g6 8. e3 Bg7 9. Be2 0-0 10. Rb1 a6 11. 0-0 Qc7 12. b4 Nb6 13. Qd3 Bd7 14. Bd2 Rfc8 15. Rfc1 Qd8 16. Be1 Bf5 17. e4 Rxc3 18. Qxc3 Bxe4 19. Bd3 Nfxd5 20. Qb3 Bxf3 21. gxf3 Bh6 22. Rd1 e6 23. f4 Bxf4 24. Bf1 Qh4 25. Qh3 Qg5+ 26. Kh1 Rc8 27. b5 axb5 28. Rxb5 Ra8 29. Rdb1 Nd7 30. Rxb7 N5f6 31. R1b2 Qd5+ 32. Qg2 Rc8 33. Qxd5 exd5 34. Bd2 Be5 35. Rb1 Kg7 36. Bh3 Rc2 37. Bxd7 Rxd2 38. Be6 Rxa2 39. f4 Bc3 40. Bxf7 Kh6 41. R7b6 Ng4 42. R6b5 Rxh2+ 43. Kg1 Bd4+ 44. Kf1 Rf2+ 45. Ke1 Bc3+ 46. Kd1 Ne3+ 0-1

[Event "AUT-chT 1617"]
[Site "Austria"]
[Date "2017.04.22"]
[Round "11.6"]
[White "Mesaros, Florian"]
[Black "Anistratov, Dmitrij"]
[Result "1-0"]
[WhiteElo "2321"]
[BlackElo "2304"]
[PlyCount "93"]
[EventDate "2016.10.20"]
[EventType "team-tourn"]
[EventRounds "11"]
[EventCountry "AUT"]
[SourceTitle "CBM 177 Extra"]
[Source "ChessBase"]
[SourceDate "2017.04.27"]
[SourceVersion "1"]
[SourceVersionDate "2017.04.27"]
[SourceQuality "1"]
[WhiteTeam "Wulkaprodersdorf"]
[BlackTeam "Goetzis"]
[WhiteTeamCountry "AUT"]
[BlackTeamCountry "AUT"]

1. Nf3 Nf6 2. c4 d6 3. d4 Nbd7 4. Nc3 c6 5. e4 e5 6. Be2 Be7 7. 0-0 a6 8. Nh4 0-0 9. Nf5 Re8 10. Nxe7+ Qxe7 11. d5 c5 12. Be3 Nf8 13. Rb1 Qc7 14. Bg5 Qd8 15. h3 h6 16. Be3 Ng6 17. Qd2 Nh7 18. Bg4 Bxg4 19. hxg4 Qf6 20. b4 cxb4 21. Rxb4 Rac8 22. Rfb1 Nf4 23. f3 Ng5 24. Bxf4 exf4 25. Ne2 a5 26. Rxb7 Rxc4 27. Qxf4 Qxf4 28. Nxf4 Ra4 29. R1b2 Rd8 30. Rc7 g6 31. Kf2 Ra3 32. Ne2 Kg7 33. Nc3 h5 34. gxh5 gxh5 35. Rc4 h4 36. Nb5 Rb8 37. Rcc2 h3 38. Kg1 Rd3 39. Nxd6 Rd1+ 40. Kh2 Rh8 41. f4 hxg2+ 42. Kxg2 Nh3 43. Kg3 Ng1 44. Nf5+ Kg6 45. Rg2 Rh1 46. Kf2+ Kh7 47. Rg7+ 1-0